| 000 | 00575nam a2200241 a 4500 | ||
|---|---|---|---|
| 001 | nice12345678 | ||
| 003 | IN_TiNIC | ||
| 005 | 20260116012852.0 | ||
| 008 | 050524s1969 lona grp 000 0 eng | ||
| 020 |
_a _c100 |
||
| 082 | 0 | 0 |
_a230 _bYOU |
| 100 | _aYoung, Norman J | ||
| 245 | _aHistory and Existential Theology. | ||
| 260 |
_aLondon _bEpworth Press _c1969 |
||
| 300 | _a174p | ||
| 500 | _aincludes index and biblioraphy | ||
| 505 | 2 | _aNotes and Index | |
| 650 | _aTheology | ||
| 700 | 1 | _aYoung, Norman J | |
| 902 | _bSRS | ||
| 942 | _cBK | ||
| 999 |
_c8711 _d8711 |
||